00375nam a2200157Ia 45000010006000000050017000060080041000230410008000640820015000721000034000872450043001212600009001643000028001736500008002016540008002092059420260306172817.0260306t2012||||xx |||||||||||||| ||spa|| aESP a343.4bS69 aSosa Sancio, Juan ManueleAUT 0aLa Procedencia en el Proceso de Amparo c2012 a262 páginas :c24 cm. aGEN aCDE